Right with God : (Record no. 2391)

MARC details
000 -LEADER
fixed length control field 00882cam a2200289 a 4500
001 - CONTROL NUMBER
control field 17491
003 - CONTROL NUMBER IDENTIFIER
control field GBCCL
005 - DATE AND TIME OF LATEST TRANSACTION
control field 20241126110428.0
008 - FIXED-LENGTH DATA ELEMENTS--GENERAL INFORMATION
fixed length control field 711221s1971 enk 000 0 eng
010 ## -
-- 70031004
015 ## -
-- B71-23737
020 ## - INTERNATIONAL STANDARD BOOK NUMBER
International Standard Book Number 0851510450
035 ## - SYSTEM CONTROL NUMBER
System control number (OCoLC)00218806
040 ## - CATALOGING SOURCE
Original cataloging agency DLC
Transcribing agency DLC
Modifying agency m.c.
-- LBB
049 ## -
-- LBBK
050 0# -
-- BT1102
-- .B53
082 0# - DEWEY DECIMAL CLASSIFICATION NUMBER
Classification number 248.4
Item number BLA
092 0# - LOCALLY ASSIGNED DEWEY CALL NUMBER (OCLC)
Classification number 248.4
Item number B639, 1971
Edition number 20
100 1# - MAIN ENTRY--PERSONAL NAME
Personal name Blanchard, John,
Dates associated with a name 1932-
9 (RLIN) 4948
245 10 - TITLE STATEMENT
Title Right with God :
Remainder of title a straightforward book to help those searching for a personal faith in God /
Statement of responsibility, etc. John Blanchard.
260 ## - PUBLICATION, DISTRIBUTION, ETC.
Place of publication, distribution, etc. London, [England] ;
-- Carlisle, Pa. :
Name of publisher, distributor, etc. Banner of Truth Trust,
Date of publication, distribution, etc. 1971.
300 ## - PHYSICAL DESCRIPTION
Extent 123 p. ;
Dimensions 18 cm.
520 ## - SUMMARY, ETC.
Summary, etc. Lloyd M. Perry Collection.
650 #0 - SUBJECT ADDED ENTRY--TOPICAL TERM
Topical term or geographic name entry element Apologetics
Chronological subdivision 20th century.
9 (RLIN) 1383
650 #0 - SUBJECT ADDED ENTRY--TOPICAL TERM
Topical term or geographic name entry element Christian life.
9 (RLIN) 183
942 ## - ADDED ENTRY ELEMENTS (KOHA)
Source of classification or shelving scheme Dewey Decimal Classification
Koha item type Books
Koha issues (borrowed), all copies 2
Holdings
Withdrawn status Lost status Source of classification or shelving scheme Damaged status Not for loan Home library Current Library Shelving location Date acquired Total checkouts Full call number Barcode Date last seen Date last checked out Copy number Price effective from Koha item type
    Dewey Decimal Classification     GRACE BIBLE COLLEGE GRACE BIBLE COLLEGE Ministry & Mission 2017-08-10 3 248.4 BLA 001293 2025-05-01 2024-06-28 c.1 2017-08-10 Books
© Grace Bible College Library 2025